000 00808nam a2200193Ia 4500
008 151121s9999||||xx |||||||||||||| ||und||
082 _a815 /खंडक
082 _bHNW-77142
100 _a"घटाटे ना।मा।, खंडकर अविनाश- अनु।"
245 _aअध्यक्ष महोदय !
260 _b"साहित्य प्रसार केंद्र, नागपूर"
260 _c--
300 _a192
600 _a"घटाटे ना।मा।, खंडकर अविनाश- अनु।"
630 _aअध्यक्ष महोदय !
700 _a"घटाटे ना।मा।, खंडकर अविनाश- अनु।"
730 _aअध्यक्ष महोदय !
942 _cBOOK
999 _c1258561
_d1258558